[Event "16. Copenhagen Open"]
[Site "Copenhagen"]
[Date "1994.??.??"]
[Round "9"]
[White "Andersen, Martin"]
[Black "Stojanovski, Sandi"]
[Result "0-1"]
[WhiteElo "2030"]
[BlackElo "2260"]
[PlyCount "140"]
[EventDate "1994.??.??"]
[EventType "swiss"]
[EventRounds "10"]
[EventCountry "DEN"]
[SourceDate "2004.01.01"]

1. e4 Nf6 2. e5 Nd5 3. d4 d6 4. Nf3 Bg4 5. Bc4 e6 6. O-O Nb6 7. Bb5+ c6 8. Bd3
d5 9. Be3 Be7 10. Nbd2 O-O 11. h3 Bh5 12. g4 Bg6 13. Bxg6 fxg6 14. Ne1 c5 15.
dxc5 N6d7 16. Nd3 Nc6 17. Nf3 Qc7 18. Re1 Rf7 19. b4 Raf8 20. Nd4 Nxd4 21. Bxd4
Bg5 22. Kg2 Qd8 23. Rf1 Bf4 24. f3 h6 25. Qe2 g5 26. Nxf4 Rxf4 27. c3 Qc7 28.
Rae1 Nb8 29. Qd3 Nc6 30. Rf2 Ne7 31. Rh1 Qd7 32. Be3 Rc4 33. h4 gxh4 34. Rxh4
Qe8 35. Rh5 Ng6 36. Kg3 Qf7 37. Qd2 Ne7 38. Kg2 Qg6 39. Rh3 Rf5 40. Rg3 Rf8 41.
f4 Qe4+ 42. Kh2 Ng6 43. Qc2 Nxf4 44. Qxe4 Rxe4 45. Bxf4 Rfxf4 46. Rxf4 Rxf4 47.
Kg2 Re4 48. Kf2 Rxe5 49. b5 Re4 50. Re3 Rc4 51. Rxe6 Rxc5 52. a4 Rxc3 53. Re8+
Kh7 54. Ra8 Rc4 55. Rxa7 Rxg4 56. b6 h5 57. a5 Ra4 58. Ra8 Rb4 59. Rb8 Rb5 60.
Rxb7 Rxa5 61. Rd7 Rb5 62. b7 Kh6 63. Kg3 Rb4 64. Rd6+ g6 65. Rd7 h4+ 66. Kh3 g5
67. Re7 d4 68. Kg4 d3+ 69. Kf5 d2 70. Re6+ Kh5 0-1

[Event "16. Copenhagen Open"]
[Site "Copenhagen"]
[Date "1994.??.??"]
[Round "9"]
[White "Antreasyan, Erol"]
[Black "Alkaersig, Ole"]
[Result "0-1"]
[WhiteElo "1900"]
[BlackElo "2190"]
[PlyCount "92"]
[EventDate "1994.??.??"]
[EventType "swiss"]
[EventRounds "10"]
[EventCountry "DEN"]
[SourceDate "2004.01.01"]

1. d4 d6 2. c4 e5 3. Nf3 e4 4. Nfd2 f5 5. e3 Nf6 6. Nc3 g6 7. Be2 Bg7 8. O-O
O-O 9. f3 exf3 10. Bxf3 Nc6 11. Nb3 Qe7 12. Nd5 Nxd5 13. Bxd5+ Kh8 14. a3 Bd7
15. Qd3 a5 16. Bd2 a4 17. Nc1 Rae8 18. Na2 f4 19. Rae1 fxe3 20. Rxf8+ Qxf8 21.
Rxe3 Bf5 22. Rxe8 Qxe8 23. Bxc6 Qxc6 24. Qe3 Qxc4 25. Qe8+ Qg8 26. Qxg8+ Kxg8
27. Bc3 Be6 28. Nc1 Bc4 29. Kf2 Kf7 30. Ne2 Bxe2 31. Kxe2 d5 32. Kd3 Ke6 33. g4
Bf6 34. Bd2 b6 35. Bb4 Be7 36. Bc3 Bd6 37. h3 c5 38. Ke3 Be7 39. Kd3 Bf6 40.
Ke3 Bg5+ 41. Ke2 Bf6 42. Kd3 g5 43. Bd2 Bxd4 44. Kc2 Bf6 45. b3 b5 46. bxa4
bxa4 0-1

[Event "16. Copenhagen Open"]
[Site "Copenhagen"]
[Date "1994.??.??"]
[Round "9"]
[White "Christensen, Bo Garner"]
[Black "Preuss, Flemming"]
[Result "1-0"]
[WhiteElo "2225"]
[BlackElo "2020"]
[PlyCount "91"]
[EventDate "1994.??.??"]
[EventType "swiss"]
[EventRounds "10"]
[EventCountry "DEN"]
[SourceDate "2004.01.01"]

1. d4 f5 2. Nf3 Nf6 3. g3 g6 4. Bg2 Bg7 5. O-O O-O 6. c3 d6 7. Qb3+ e6 8. Nbd2
Nc6 9. a4 Qe7 10. a5 Rb8 11. Nh4 Bd7 12. e4 Kh8 13. exf5 gxf5 14. Ndf3 Ne4 15.
Be3 e5 16. d5 Qf7 17. Ra4 Ne7 18. Rxe4 fxe4 19. Ng5 Qxd5 20. Qc2 Qd3 21. Qc1 d5
22. Bxa7 Rbe8 23. Bc5 Rf6 24. c4 c6 25. Rd1 Qe2 26. Bxe4 d4 27. Bf3 Rxf3 28.
Nhxf3 Bg4 29. Rd2 Bxf3 30. Rxe2 Bxe2 31. Nf7+ Kg8 32. Nd6 Ra8 33. Qg5 Ng6 34.
Qf5 Bh6 35. Qe6+ Kh8 36. Nf5 Bg7 37. Qf7 Rg8 38. h4 d3 39. Bb4 Bg4 40. Nxg7
Rxg7 41. Qf6 h5 42. f3 Bd7 43. Kf2 Bh3 44. Bd2 Kh7 45. b4 Rd7 46. Qg5 1-0

[Event "16. Copenhagen Open"]
[Site "Copenhagen"]
[Date "1994.??.??"]
[Round "9"]
[White "Costello, Colin"]
[Black "Mortensen, Henrik"]
[Result "1-0"]
[WhiteElo "2160"]
[BlackElo "2150"]
[PlyCount "27"]
[EventDate "1994.??.??"]
[EventType "swiss"]
[EventRounds "10"]
[EventCountry "DEN"]
[SourceDate "2004.01.01"]

1. c4 e6 2. Nc3 f5 3. Nf3 Nf6 4. g3 Be7 5. Bg2 O-O 6. O-O c6 7. d4 d5 8. Rb1 b6
9. b4 Bb7 10. Qb3 Nbd7 11. Ng5 Qc8 12. Nxe6 Nc5 13. Nxc5 bxc5 14. bxc5 1-0

[Event "16. Copenhagen Open"]
[Site "Copenhagen"]
[Date "1994.??.??"]
[Round "9"]
[White "Danielsen, Henrik"]
[Black "Bator, Robert"]
[Result "1/2-1/2"]
[WhiteElo "2480"]
[BlackElo "2410"]
[PlyCount "96"]
[EventDate "1994.??.??"]
[EventType "swiss"]
[EventRounds "10"]
[EventCountry "DEN"]
[SourceDate "2004.01.01"]

1. d4 Nf6 2. Nf3 c5 3. d5 e6 4. Nc3 exd5 5. Nxd5 Nxd5 6. Qxd5 Na6 7. Bg5 f6 8.
Bf4 Nb4 9. Qb3 d5 10. a3 Nc6 11. O-O-O c4 12. Qb5 c3 13. Rxd5 cxb2+ 14. Kxb2
Qb6 15. e4 Be6 16. Bc4 Be7 17. a4 O-O 18. Bb3 Kh8 19. Qxb6 axb6 20. Rd3 Bxb3
21. cxb3 b5 22. Ra1 bxa4 23. bxa4 Ra6 24. Rb3 Bc5 25. Be3 Bxe3 26. Rxe3 Rfa8
27. Rea3 Na5 28. Rc3 Rb6+ 29. Kc2 Rb4 30. Nd2 Rd8 31. f3 Nc6 32. Nb3 h6 33. a5
Rb5 34. Ra4 Ra8 35. f4 Nxa5 36. Nd4 Rb6 37. Rc7 Rd8 38. e5 fxe5 39. fxe5 Rg6
40. e6 Nc6 41. Nxc6 bxc6 42. Rd7 Re8 43. e7 Kg8 44. Kd3 Re6 45. Rc4 Kf7 46.
Rf4+ Kg8 47. Rc4 Rf6 48. Rc7 Kf7 1/2-1/2

[Event "16. Copenhagen Open"]
[Site "Copenhagen"]
[Date "1994.??.??"]
[Round "9"]
[White "Hedman, Erik"]
[Black "Strange, Mikkel"]
[Result "1-0"]
[WhiteElo "2285"]
[BlackElo "2155"]
[PlyCount "79"]
[EventDate "1994.??.??"]
[EventType "swiss"]
[EventRounds "10"]
[EventCountry "DEN"]
[SourceDate "2004.01.01"]

1. d4 Nf6 2. c4 c5 3. d5 b5 4. Nf3 g6 5. Nbd2 Bg7 6. e4 d6 7. h3 Qa5 8. Qc2 Na6
9. a3 Nb4 10. Qb1 Na6 11. cxb5 Nc7 12. b4 Qa4 13. Bb2 Nxb5 14. Qd1 Qxd1+ 15.
Rxd1 Bd7 16. bxc5 dxc5 17. Rb1 a6 18. e5 Nxd5 19. e6 Bxb2 20. exd7+ Kxd7 21.
Rxb2 Nxa3 22. Nc4 Nxc4 23. Bxc4 e6 24. O-O Nb4 25. Ng5 Ke7 26. Ne4 a5 27. Rd2
Rhd8 28. Rxd8 Rxd8 29. Rc1 Rc8 30. Bb5 Rb8 31. Rxc5 f5 32. Rc7+ Kf8 33. Nc3 Nd5
34. Nxd5 Rxb5 35. Nf6 a4 36. Ra7 a3 37. Nxh7+ Kg8 38. Nf6+ Kf8 39. Rxa3 Kf7 40.
Nh7 1-0

[Event "16. Copenhagen Open"]
[Site "Copenhagen"]
[Date "1994.??.??"]
[Round "9"]
[White "Hoi, Carsten"]
[Black "Neverov, Valery"]
[Result "1/2-1/2"]
[WhiteElo "2425"]
[BlackElo "2530"]
[PlyCount "68"]
[EventDate "1994.??.??"]
[EventType "swiss"]
[EventRounds "10"]
[EventCountry "DEN"]
[SourceDate "2004.01.01"]

1. d4 Nf6 2. Nf3 g6 3. c4 Bg7 4. Nc3 d5 5. cxd5 Nxd5 6. e4 Nxc3 7. bxc3 c5 8.
Be3 Nc6 9. Rc1 cxd4 10. cxd4 Qa5+ 11. Qd2 Qxd2+ 12. Kxd2 O-O 13. Bb5 Rd8 14.
Bxc6 bxc6 15. Rc5 Be6 16. Ra5 f5 17. Rc1 fxe4 18. Ne5 Rd5 19. Rxd5 cxd5 20. Rc7
Bf6 21. Nc6 Kf7 22. Nxa7 Ke8 23. Rb7 Bc8 24. Nxc8 Rxc8 25. Rb5 e6 26. Rb6 Ra8
27. Rxe6+ Kf7 28. Rd6 Rxa2+ 29. Kc3 Ra3+ 30. Kc2 Rd3 31. Rxd5 Ke6 32. Ra5 Bxd4
33. Ra4 Ke5 34. Ra5+ Ke6 1/2-1/2

[Event "16. Copenhagen Open"]
[Site "Copenhagen"]
[Date "1994.??.??"]
[Round "9"]
[White "Holst, Allan"]
[Black "Backlund, Anders"]
[Result "0-1"]
[WhiteElo "2340"]
[BlackElo "2130"]
[PlyCount "82"]
[EventDate "1994.??.??"]
[EventType "swiss"]
[EventRounds "10"]
[EventCountry "DEN"]
[SourceDate "2004.01.01"]

1. c4 c5 2. Nf3 Nc6 3. Nc3 e5 4. e3 d6 5. Be2 g6 6. d4 Bg7 7. dxc5 dxc5 8.
Qxd8+ Nxd8 9. Nd2 f5 10. g4 Nf6 11. Nd5 O-O 12. Ne7+ Kh8 13. g5 Ng8 14. Nxc8
Rxc8 15. h4 Ne7 16. Rb1 Ne6 17. a3 Nc6 18. b4 b6 19. h5 Kg8 20. bxc5 Nxc5 21.
h6 Bh8 22. e4 fxe4 23. Nf1 Nd4 24. Ne3 Nd3+ 25. Bxd3 exd3 26. Nd5 Rxc4 27. Be3
e4 28. Kf1 Nf5 29. Kg2 Rc2 30. Kh3 Nxe3 31. fxe3 Rf3+ 32. Kh4 Rc5 33. Nf4 Be5
34. Ng2 Bg3+ 35. Kg4 Bf2 36. Rh3 Rxg5+ 37. Kxg5 Rxh3 38. Rc1 Bxe3+ 39. Nxe3
Rxe3 40. Rc8+ Kf7 41. Kf4 d2 0-1

[Event "16. Copenhagen Open"]
[Site "Copenhagen"]
[Date "1994.??.??"]
[Round "9"]
[White "Hutters, Tomas"]
[Black "Holstein, Erik"]
[Result "1-0"]
[WhiteElo "2420"]
[BlackElo "2130"]
[PlyCount "37"]
[EventDate "1994.??.??"]
[EventType "swiss"]
[EventRounds "10"]
[EventCountry "DEN"]
[SourceDate "2004.01.01"]

1. Nf3 f5 2. d3 g6 3. e4 fxe4 4. dxe4 Bg7 5. Bc4 e6 6. Nc3 Ne7 7. h4 b6 8. h5
Ba6 9. Bxa6 Nxa6 10. h6 Bxc3+ 11. bxc3 e5 12. Nxe5 d6 13. Ng4 Nc6 14. Qd5 Ne5
15. Nxe5 dxe5 16. Qxe5+ Kf7 17. Bg5 Qd6 18. Qg7+ Ke6 19. Qf6+ 1-0

[Event "16. Copenhagen Open"]
[Site "Copenhagen"]
[Date "1994.??.??"]
[Round "9"]
[White "Isaksen, Brian"]
[Black "Steinbacher, Matthias"]
[Result "0-1"]
[WhiteElo "2245"]
[BlackElo "2390"]
[PlyCount "50"]
[EventDate "1994.??.??"]
[EventType "swiss"]
[EventRounds "10"]
[EventCountry "DEN"]
[SourceDate "2004.01.01"]

1. e4 Nc6 2. d4 d5 3. Nc3 Nf6 4. e5 Ng8 5. f4 h5 6. Be2 Bf5 7. a3 e6 8. Nf3 Nh6
9. O-O Bg4 10. Be3 Nf5 11. Bf2 Bxf3 12. Bxf3 g5 13. fxg5 Qxg5 14. Ne2 f6 15.
exf6 Bd6 16. f7+ Kxf7 17. Ng3 Nxg3 18. Bxg3 Bxg3 19. Bxd5+ Ke7 20. Bxc6 h4 21.
Bxb7 Qe3+ 22. Kh1 h3 23. Qf3 hxg2+ 24. Kxg2 Qd2+ 25. Kh1 Qxh2# 0-1

[Event "16. Copenhagen Open"]
[Site "Copenhagen"]
[Date "1994.??.??"]
[Round "9"]
[White "Jensen, Find"]
[Black "Petersen, Steen"]
[Result "1-0"]
[WhiteElo "1970"]
[BlackElo "2085"]
[PlyCount "39"]
[EventDate "1994.??.??"]
[EventType "swiss"]
[EventRounds "10"]
[EventCountry "DEN"]
[SourceDate "2004.01.01"]

1. e4 c5 2. Nf3 e6 3. b4 cxb4 4. d4 d5 5. e5 Nc6 6. a3 Bd7 7. axb4 Bxb4+ 8. c3
Be7 9. Bd3 Rc8 10. h4 h6 11. Rh3 Qc7 12. h5 a6 13. Rg3 Kf8 14. Be3 Na5 15. Nfd2
b5 16. Qg4 Bg5 17. Bxg5 hxg5 18. Qxg5 Rh6 19. Qxg7+ Ke7 20. Qg5+ 1-0

[Event "16. Copenhagen Open"]
[Site "Copenhagen"]
[Date "1994.??.??"]
[Round "9"]
[White "Jensen, Henrik W"]
[Black "Hvenekilde, Jorgen"]
[Result "1-0"]
[WhiteElo "2070"]
[BlackElo "2320"]
[PlyCount "83"]
[EventDate "1994.??.??"]
[EventType "swiss"]
[EventRounds "10"]
[EventCountry "DEN"]
[SourceDate "2004.01.01"]

1. e4 e5 2. Nf3 Nc6 3. Bb5 Bc5 4. c3 Nf6 5. O-O O-O 6. d4 Bb6 7. dxe5 Nxe4 8.
Nbd2 Nc5 9. Nc4 Ne6 10. Nxb6 axb6 11. Bc4 h6 12. Be3 Qe7 13. Re1 Rd8 14. Qe2 d5
15. exd6 Rxd6 16. Nd4 Nexd4 17. Bxd4 Qxe2 18. Rxe2 Bg4 19. Re4 Bf5 20. Rf4 Nxd4
21. Rxd4 Rxd4 22. cxd4 Rd8 23. Rd1 Be6 24. Bxe6 fxe6 25. f4 c5 26. Kf2 Kf7 27.
Ke3 Kf6 28. Ke4 h5 29. Rd3 Ra8 30. a3 Ra4 31. Ke3 Kf5 32. dxc5 Re4+ 33. Kd2
bxc5 34. g3 h4 35. Rd7 hxg3 36. hxg3 Rd4+ 37. Rxd4 cxd4 38. Kd3 e5 39. fxe5
Kxe5 40. a4 Kd5 41. b4 g6 42. a5 1-0

[Event "16. Copenhagen Open"]
[Site "Copenhagen"]
[Date "1994.??.??"]
[Round "9"]
[White "Jensen, Soren"]
[Black "Petersen, Sren Boeck"]
[Result "0-1"]
[WhiteElo "1990"]
[BlackElo "2235"]
[PlyCount "78"]
[EventDate "1994.??.??"]
[EventType "swiss"]
[EventRounds "10"]
[EventCountry "DEN"]
[SourceDate "2004.01.01"]

1. b3 d5 2. Bb2 Nf6 3. Nf3 e6 4. e3 Bd6 5. Be2 O-O 6. O-O Nbd7 7. d4 c6 8. c4
Ne4 9. Nbd2 f5 10. Ne5 Nxe5 11. dxe5 Bc5 12. Rc1 Qb6 13. Nxe4 fxe4 14. Bd4 Bxd4
15. exd4 Bd7 16. Qd2 Rf7 17. c5 Qd8 18. f3 exf3 19. Rxf3 Rxf3 20. Bxf3 Qe7 21.
Rf1 b6 22. b4 Be8 23. Be2 a5 24. a3 axb4 25. axb4 b5 26. Bd3 Qh4 27. g3 Qxd4+
28. Kg2 Qxe5 29. Qf2 Bg6 30. Re1 Be4+ 31. Bxe4 dxe4 32. Rf1 h6 33. h4 e3 34.
Qf4 Ra2+ 35. Kh3 Qxf4 36. Rxf4 e2 37. Re4 Kf7 38. Kg4 Rb2 39. Kf4 Rxb4 0-1

[Event "16. Copenhagen Open"]
[Site "Copenhagen"]
[Date "1994.??.??"]
[Round "9"]
[White "Kaspersen, Morten"]
[Black "Sobjerg, Erik"]
[Result "1-0"]
[WhiteElo "2220"]
[BlackElo "2265"]
[PlyCount "61"]
[EventDate "1994.??.??"]
[EventType "swiss"]
[EventRounds "10"]
[EventCountry "DEN"]
[SourceDate "2004.01.01"]

1. d4 Nf6 2. c4 c5 3. d5 b5 4. cxb5 a6 5. b6 e6 6. Nc3 Nxd5 7. Nxd5 exd5 8.
Qxd5 Nc6 9. Nf3 Rb8 10. e4 Be7 11. Bc4 O-O 12. O-O Rxb6 13. b3 d6 14. Bb2 Be6
15. Qd3 Nb4 16. Qe2 Bf6 17. Bxe6 Bxb2 18. Bxf7+ Rxf7 19. Qxb2 Nd3 20. Qe2 Nf4
21. Qe3 Qc8 22. g3 d5 23. gxf4 d4 24. Qd3 Rg6+ 25. Kh1 Qg4 26. Rg1 Qxf4 27.
Rxg6 hxg6 28. Ng1 Qxf2 29. Rc1 Qe3 30. Qxe3 dxe3 31. Re1 1-0

[Event "16. Copenhagen Open"]
[Site "Copenhagen"]
[Date "1994.??.??"]
[Round "9"]
[White "Ksieski, Zbigniew"]
[Black "Hansen, Lars Bo"]
[Result "1/2-1/2"]
[WhiteElo "2355"]
[BlackElo "2545"]
[PlyCount "83"]
[EventDate "1994.??.??"]
[EventType "swiss"]
[EventRounds "10"]
[EventCountry "DEN"]
[SourceDate "2004.01.01"]

1. d4 d5 2. c4 e6 3. g3 c6 4. Qc2 dxc4 5. Qxc4 Qd5 6. Qxd5 exd5 7. Nf3 Nf6 8.
Bg2 Bd6 9. O-O O-O 10. Nc3 Re8 11. a3 Bf5 12. Nh4 Be6 13. Bf4 Bf8 14. b4 Nbd7
15. Rfc1 Nb6 16. Nf3 Ne4 17. Bd2 Nd6 18. Bf4 Ndc4 19. e4 a5 20. exd5 Nxd5 21.
Nxd5 Bxd5 22. Nd2 Nb2 23. Bxd5 cxd5 24. Rcb1 Nd3 25. bxa5 Nxf4 26. gxf4 Rxa5
27. Rxb7 g6 28. a4 Rea8 29. Rd7 Bh6 30. Nb3 Rxa4 31. Rxa4 Rxa4 32. f5 Bg5 33.
Rxd5 Bf6 34. fxg6 hxg6 35. Rd6 Kg7 36. Rd7 Kf8 37. d5 Rg4+ 38. Kf1 Rg5 39. Nc5
Ke8 40. Ra7 Rxd5 41. Ra8+ Ke7 42. Ra7+ 1/2-1/2

[Event "16. Copenhagen Open"]
[Site "Copenhagen"]
[Date "1994.??.??"]
[Round "9"]
[White "Maksimenko, Andrei"]
[Black "Borge, Nikolaj"]
[Result "1-0"]
[WhiteElo "2475"]
[BlackElo "2400"]
[PlyCount "86"]
[EventDate "1994.??.??"]
[EventType "swiss"]
[EventRounds "10"]
[EventCountry "DEN"]
[SourceDate "2004.01.01"]

1. e4 c5 2. c3 e6 3. Nf3 d5 4. exd5 exd5 5. Bb5+ Nc6 6. Qe2+ Be6 7. d4 Nf6 8.
O-O Be7 9. Re1 O-O 10. Bxc6 bxc6 11. Ng5 cxd4 12. Nxe6 fxe6 13. Qxe6+ Rf7 14.
cxd4 Qb6 15. Nc3 Re8 16. Be3 Bf8 17. Qh3 Qxb2 18. Rec1 h5 19. Rab1 Qa3 20. Rc2
Ng4 21. Bg5 Bd6 22. Qxh5 Qb4 23. Be3 Rxe3 24. fxe3 Nxe3 25. Qxf7+ Kxf7 26. Rxb4
Nxc2 27. Ra4 a5 28. Rxa5 Nxd4 29. Ra7+ Kf6 30. Kf1 Bb4 31. Ne2 Ne6 32. Ra6 d4
33. Rxc6 Ke5 34. Nc1 Kd5 35. Rc8 Bd6 36. g3 Nc5 37. Ke2 Ne4 38. Kd3 Nf2+ 39.
Kc2 Ne4 40. Rg8 Be5 41. Kd3 Nf2+ 42. Kc2 Ke4 43. Re8 Ng4 1-0

[Event "16. Copenhagen Open"]
[Site "Copenhagen"]
[Date "1994.??.??"]
[Round "9"]
[White "Mortensen, Beatrix"]
[Black "Harestad, Hans"]
[Result "1/2-1/2"]
[WhiteElo "2100"]
[BlackElo "1990"]
[PlyCount "101"]
[EventDate "1994.??.??"]
[EventType "swiss"]
[EventRounds "10"]
[EventCountry "DEN"]
[SourceDate "2004.01.01"]

1. e4 e6 2. d4 d5 3. e5 c5 4. c3 Nc6 5. Nf3 Qb6 6. a3 c4 7. g3 Bd7 8. Nbd2 Na5
9. Bg2 O-O-O 10. O-O f5 11. exf6 gxf6 12. Re1 Ne7 13. Nh4 Ng6 14. Ndf3 Bg7 15.
Qc2 Nb3 16. Rb1 Nxc1 17. Rbxc1 Bh6 18. Rb1 Rhg8 19. Nxg6 hxg6 20. Qe2 g5 21.
Nd2 g4 22. b3 Bxd2 23. bxc4 Qa6 24. Qxd2 Qxc4 25. Rb4 Qc7 26. c4 Qd6 27. Qe2
Rde8 28. Rc1 Kb8 29. Qb2 Bc6 30. Rb1 Rg7 31. c5 Qc7 32. a4 Qa5 33. Bf1 Rh7 34.
Bb5 Qc7 35. a5 Bxb5 36. Rxb5 Ka8 37. Qa2 Reh8 38. a6 Rxh2 39. Kf1 Rh1+ 40. Ke2
Rxb1 41. axb7+ Qxb7 42. Rxb7 Rxb7 43. Qa4 Rc7 44. Qa6 Re8 45. Qd6 Kb8 46. Ke3
f5 47. Kf4 Kc8 48. Qa6+ Kd8 49. Ke5 Kd7 50. Qd6+ Kc8 51. Qa6+ 1/2-1/2

[Event "16. Copenhagen Open"]
[Site "Copenhagen"]
[Date "1994.??.??"]
[Round "9"]
[White "Nielsen, Soren Holst"]
[Black "Auchenberg, Per"]
[Result "0-1"]
[WhiteElo "2225"]
[BlackElo "2160"]
[PlyCount "120"]
[EventDate "1994.??.??"]
[EventType "swiss"]
[EventRounds "10"]
[EventCountry "DEN"]
[SourceDate "2004.01.01"]

1. e4 c5 2. Nf3 Nc6 3. d3 g6 4. g3 Bg7 5. Bg2 Nf6 6. O-O O-O 7. Nbd2 b6 8. a4
Bb7 9. Nc4 d5 10. exd5 Nxd5 11. Re1 Qc7 12. Qe2 Rad8 13. Bd2 Rfe8 14. Nce5 Nd4
15. Nxd4 cxd4 16. Nc4 Bc6 17. a5 b5 18. Ne5 Ba8 19. Rac1 Rd6 20. f4 b4 21. Nc4
Re6 22. Qf2 Rxe1+ 23. Rxe1 Qd7 24. h3 b3 25. cxb3 Rb8 26. b4 e6 27. g4 Bc6 28.
Ne5 Bxe5 29. fxe5 Nxb4 30. Bh6 Qd8 31. Bxc6 Nxc6 32. Re2 Nb4 33. Re4 Nxd3 34.
Qd2 Rb3 35. Bg5 Qd5 36. Qc2 Nc5 37. Re1 d3 38. Qg2 Qxg2+ 39. Kxg2 Rxb2+ 40. Kf3
d2 41. Rd1 Nb3 42. Be3 a6 43. h4 Rc2 44. Ke2 Rc1 45. Bh6 Rc5 46. Bf4 Rxa5 47.
Rb1 Rd5 48. Kd1 Rd3 49. Ke2 Rh3 50. Be3 Rh2+ 51. Kf3 Nc1 52. Bxd2 Rxd2 53. Rxc1
Ra2 54. g5 Kg7 55. Rc7 a5 56. Ra7 a4 57. Kg4 a3 58. Kg3 Ra1 59. Kg2 a2 60. Kh2
h6 0-1

[Event "16. Copenhagen Open"]
[Site "Copenhagen"]
[Date "1994.??.??"]
[Round "9"]
[White "Nilsson, Nils Specht"]
[Black "Sinkbk, Aage"]
[Result "1/2-1/2"]
[WhiteElo "2260"]
[BlackElo "2220"]
[PlyCount "97"]
[EventDate "1994.??.??"]
[EventType "swiss"]
[EventRounds "10"]
[EventCountry "DEN"]
[SourceDate "2004.01.01"]

1. e4 d5 2. exd5 Qxd5 3. d4 Nf6 4. c4 Qd8 5. Nc3 e6 6. Be3 Be7 7. Be2 c5 8.
dxc5 Qxd1+ 9. Rxd1 Na6 10. c6 bxc6 11. Bf3 Bb7 12. Nge2 O-O 13. a3 Rfb8 14. b4
c5 15. Bxb7 Rxb7 16. b5 Nb8 17. O-O Nbd7 18. Na4 Nb6 19. Nxc5 Rc7 20. Nb3 Nxc4
21. a4 Nxe3 22. fxe3 Nd5 23. Rc1 Bg5 24. Nf4 Rac8 25. Rxc7 Rxc7 26. h4 Bxh4 27.
Nxd5 exd5 28. Rd1 Rc3 29. Rc1 Rxc1+ 30. Nxc1 Kf8 31. a5 Bd8 32. b6 Bxb6 33.
axb6 axb6 34. Kf2 Ke7 35. Nb3 Kd6 36. Ke2 Ke5 37. Nd4 f5 38. Kd3 f4 39. exf4+
Kxf4 40. Ne6+ Kg3 41. Kd4 Kxg2 42. Kxd5 g6 43. Nf8 h5 44. Nxg6 Kf3 45. Kc6 Kg4
46. Kxb6 Kg5 47. Ne5 Kf5 48. Nf3 Kg4 49. Ne5+ 1/2-1/2

[Event "16. Copenhagen Open"]
[Site "Copenhagen"]
[Date "1994.??.??"]
[Round "9"]
[White "Nordenbaek, Jan"]
[Black "Mortensen, Erling"]
[Result "0-1"]
[WhiteElo "2160"]
[BlackElo "2470"]
[PlyCount "90"]
[EventDate "1994.??.??"]
[EventType "swiss"]
[EventRounds "10"]
[EventCountry "DEN"]
[SourceDate "2004.01.01"]

1. d4 Nf6 2. c4 g6 3. Nc3 Bg7 4. Bg5 O-O 5. e3 d6 6. Nf3 Nc6 7. a3 h6 8. Bh4
Nh7 9. Be2 f5 10. Qd2 g5 11. Bg3 Kh8 12. Rd1 Nf6 13. Qc2 Bd7 14. d5 Nb8 15. Nd4
Qc8 16. O-O c5 17. Nb3 Na6 18. Rc1 Qe8 19. Qd1 Rb8 20. Re1 Qg6 21. h4 g4 22.
Rc2 Nh5 23. Bd3 Nxg3 24. fxg3 Be5 25. Ne2 Ba4 26. Rd2 Nc7 27. Nf4 Qf6 28. Ree2
b5 29. Rf2 bxc4 30. Bxc4 Rb6 31. h5 Rfb8 32. Ng6+ Kg7 33. Nxe5 Qxe5 34. Rd3 Ne8
35. Qf1 Nf6 36. Rxf5 Qxg3 37. e4 Qh4 38. e5 dxe5 39. g3 Qh3 40. Nxc5 Rxb2 41.
Qxh3 gxh3 42. Re3 Rg2+ 43. Kh1 Rb1+ 44. Bf1 Bb5 45. Rexe5 Bxf1 0-1

[Event "16. Copenhagen Open"]
[Site "Copenhagen"]
[Date "1994.??.??"]
[Round "9"]
[White "Pedersen, Bjarne"]
[Black "Bjerring, Kai"]
[Result "1/2-1/2"]
[WhiteElo "2250"]
[BlackElo "2345"]
[PlyCount "88"]
[EventDate "1994.??.??"]
[EventType "swiss"]
[EventRounds "10"]
[EventCountry "DEN"]
[SourceDate "2004.01.01"]

1. d4 Nf6 2. c4 e6 3. Nc3 d5 4. cxd5 exd5 5. Bg5 Be7 6. e3 c6 7. Bd3 Qa5 8.
Nge2 Bg4 9. O-O Nbd7 10. a3 a6 11. b4 Qd8 12. f3 Bh5 13. Nf4 Bg6 14. Nxg6 hxg6
15. Qc2 O-O 16. Rad1 a5 17. Qb3 axb4 18. axb4 Re8 19. Ra1 Qb6 20. Rab1 Bd6 21.
Rfe1 Qc7 22. f4 Ng4 23. Nd1 f6 24. h3 fxg5 25. hxg4 gxf4 26. Bxg6 Re7 27. Bd3
Nf6 28. e4 Qb6 29. Nf2 Qxd4 30. exd5 Rxe1+ 31. Rxe1 cxd5 32. Bf5 Bxb4 33. Rd1
Ra1 34. Rxa1 Qxa1+ 35. Kh2 Qe1 36. g5 Qxf2 37. gxf6 Qc5 38. Be6+ Kf8 39. fxg7+
Kxg7 40. Qxd5 Kf6 41. Qxc5 Bxc5 42. Bd5 b6 43. g3 Ke5 44. Bf3 fxg3+ 1/2-1/2

[Event "16. Copenhagen Open"]
[Site "Copenhagen"]
[Date "1994.??.??"]
[Round "9"]
[White "Petersen, Nils"]
[Black "Varberg, Kenneth"]
[Result "1/2-1/2"]
[WhiteElo "2005"]
[BlackElo "2260"]
[PlyCount "46"]
[EventDate "1994.??.??"]
[EventType "swiss"]
[EventRounds "10"]
[EventCountry "DEN"]
[SourceDate "2004.01.01"]

1. Nf3 c6 2. g3 d6 3. d4 g6 4. Bg2 Bg7 5. O-O Bf5 6. Nh4 Qd7 7. Nxf5 gxf5 8. c3
h5 9. h4 d5 10. Bf4 e6 11. Nd2 Bh6 12. e3 Bxf4 13. exf4 Nf6 14. Nf3 Na6 15. Ne5
Qc7 16. b4 Nb8 17. Qd3 Nbd7 18. c4 dxc4 19. Qxc4 Nb6 20. Qc5 Nbd7 21. Qc4 Nb6
22. Qc5 Nbd7 23. Qc4 Nb6 1/2-1/2

[Event "16. Copenhagen Open"]
[Site "Copenhagen"]
[Date "1994.??.??"]
[Round "9"]
[White "Pioch, Thomas"]
[Black "Henrichsen, Jens"]
[Result "1/2-1/2"]
[WhiteElo "2165"]
[BlackElo "2150"]
[PlyCount "61"]
[EventDate "1994.??.??"]
[EventType "swiss"]
[EventRounds "10"]
[EventCountry "DEN"]
[SourceDate "2004.01.01"]

1. e4 Nf6 2. e5 Nd5 3. d4 d6 4. c4 Nb6 5. exd6 cxd6 6. Be3 g6 7. h3 Bg7 8. Nf3
O-O 9. Nc3 Nc6 10. Be2 Bf5 11. O-O d5 12. c5 Nc4 13. Bxc4 dxc4 14. Qa4 Bd3 15.
Rfd1 f5 16. d5 Ne5 17. Ng5 Qd7 18. Qxd7 Nxd7 19. Ne6 Rfc8 20. Nxg7 Kxg7 21. b4
Kf7 22. Bf4 Nf6 23. f3 Rd8 24. d6 exd6 25. Bxd6 Rd7 26. Rac1 Rc8 27. Be5 Ne8
28. Nb5 Rd5 29. Nd6+ Nxd6 30. Bxd6 Re8 31. Rd2 1/2-1/2

[Event "16. Copenhagen Open"]
[Site "Copenhagen"]
[Date "1994.??.??"]
[Round "9"]
[White "Schandorff, Lars"]
[Black "Emms, John"]
[Result "1/2-1/2"]
[WhiteElo "2430"]
[BlackElo "2525"]
[PlyCount "64"]
[EventDate "1994.??.??"]
[EventType "swiss"]
[EventRounds "10"]
[EventCountry "DEN"]
[SourceDate "2004.01.01"]

1. e4 c5 2. c3 d5 3. exd5 Qxd5 4. d4 Nf6 5. Nf3 Nc6 6. Be2 cxd4 7. cxd4 e6 8.
O-O Be7 9. Nc3 Qd6 10. Nb5 Qd8 11. Bf4 Nd5 12. Bg3 a6 13. Nc3 O-O 14. Rc1 Qb6
15. Na4 Qa7 16. Nc5 Rd8 17. a3 Bd7 18. Nxd7 Rxd7 19. Ne5 Nxe5 20. dxe5 Bg5 21.
Rb1 b5 22. Qc2 Rad8 23. Rbd1 g6 24. Qe4 Be7 25. Rd3 Nb6 26. Rfd1 Rxd3 27. Rxd3
Rxd3 28. Qxd3 Na4 29. b3 Nb6 30. a4 bxa4 31. bxa4 Nxa4 32. Qxa6 Qxa6 1/2-1/2